Fin de siecle : a selection of late 19th century literature and art /

Bibliographic Details
Main Author: Wallis, Nevile
Format: Book
Language:English
Published: London : A. Wingate, [1947]

MARC

Tag First Indicator Second Indicator Subfields
LEADER 00000cam a2200000 4500
001 in00000694213
005 20151016054645.0
008 750228s1947 enkacf 00000 eng u
035 |a (OCoLC)01193375 
035 |9 ADC4904AM 
040 |c OUN  |d TXA  |d UtOrBLW 
049 |a TXAM  |c [159873] 
090 |a PR1145  |b .W3 1947x 
092 |a 917  |b W214 
100 1 |a Wallis, Nevile. 
245 1 0 |a Fin de siecle :  |b a selection of late 19th century literature and art /  |c With a note on the period by Holbrook Jackson. 
264 1 |a London :  |b A. Wingate,  |c [1947] 
300 |a 94 pages :  |b illustrations, plates, portraits 
336 |a text  |b txt  |2 rdacontent 
337 |a unmediated  |b n  |2 rdamedia 
338 |a volume  |b nc  |2 rdacarrier 
500 |a Illustrations are from the works of William Rothenstein, Aubrey Beardsley, Max Beerbohm, Constantin Guys, George du Maurier, Toulouse Lautrec, and others. 
999 |a MARS 
999 f f |s 9daa5807-e17a-364f-b5da-d0ba16401edd  |i ded72aa2-6e11-3c99-885f-685bdcbd4bc8  |t 0 
952 f f |p normal  |a Texas A&M University  |b College Station  |c Sterling C. Evans Library  |d Evans: Library Stacks  |t 0  |e PR1145 W3 1947x  |h Library of Congress classification  |i unmediated -- volume  |m A14801427587 
998 f f |a PR1145 W3 1947x  |t 0  |l Evans: Library Stacks